|
|
|
|
| LEADER |
00000nam a2200000 i 4500 |
| 001 |
ELB115232 |
| 003 |
FINmELB |
| 005 |
20200311104649.0 |
| 006 |
m o d | |
| 007 |
cr cnu|||||||| |
| 008 |
171117s2015 sp o 000 0 spa d |
| 020 |
|
|
|a 9788436834345
|q (e-book)
|
| 035 |
|
|
|a (OCoLC)1145084120
|
| 040 |
|
|
|a FINmELB
|b spa
|e rda
|c FINmELB
|
| 050 |
|
4 |
|a PB35
|b D555 2015
|
| 080 |
|
|
|a 81-23:37
|
| 082 |
0 |
|
|a 418.007
|2 23
|
| 245 |
0 |
0 |
|a Didáctica de la lengua y de la literatura /
|c coordinadores y editores, Juan Mata Anaya, María Pilar Núñez Delgado, José Rienda Polo.
|
| 264 |
|
1 |
|a Madrid :
|b Ediciones Pirámide,
|c 2015.
|
| 300 |
|
|
|a 1 recurso en línea (270 páginas)
|
| 336 |
|
|
|a texto
|b txt
|2 rdacontent/spa
|
| 337 |
|
|
|a computadora
|b c
|2 rdamedia/spa
|
| 338 |
|
|
|a recurso en línea
|b cr
|2 rdacarrier/spa
|
| 490 |
1 |
|
|a Pedagogía y didáctica
|
| 588 |
|
|
|a Descripción basada en metadatos suministrados por el editor y otras fuentes.
|
| 590 |
|
|
|a Recurso electrónico. Santa Fe, Arg.: elibro, 2020. Disponible vía World Wide Web. El acceso puede estar limitado para las bibliotecas afiliadas a elibro.
|
| 650 |
|
0 |
|a Languages, Modern
|x Study and teaching.
|
| 650 |
|
0 |
|a Literature
|x Study and teaching.
|
| 650 |
|
4 |
|a Lenguaje.
|
| 650 |
|
4 |
|a Enseñanza.
|
| 655 |
|
4 |
|a Libros electrónicos.
|
| 700 |
1 |
|
|a Núñez Delgado, María Pilar,
|e editor.
|
| 700 |
1 |
|
|a Rienda Polo, José,
|e editor.
|
| 700 |
1 |
|
|a Mata Anaya, Juan,
|e editor.
|
| 797 |
2 |
|
|a elibro, Corp.
|
| 830 |
|
0 |
|a Pedagogía y didáctica.
|
| 856 |
4 |
0 |
|u https://elibro.uam.elogim.com/ereader/bidiuam/115232
|z Texto completo
|
| 950 |
|
|
|a eLibro Ciencias Sociales
|
| 950 |
|
|
|a eLibro Cátedra
|